|
|
|
|
| LEADER |
00000nlm0a2200000 4500 |
| 001 |
273909 |
| 005 |
20240213105011.0 |
| 035 |
|
|
|a (RuTPU)RU\TPU\book\297119
|
| 090 |
|
|
|a 273909
|
| 100 |
|
|
|a 20141029d2014 k y0rusy50 ca
|
| 101 |
0 |
|
|a rus
|
| 102 |
|
|
|a RU
|
| 105 |
|
|
|a a dm 001zy
|
| 135 |
|
|
|a drcn ---uucaa
|
| 181 |
|
0 |
|a i
|
| 182 |
|
0 |
|a b
|
| 200 |
1 |
|
|a Томографическая визуализация рентгеновских изображений с субмиллиметровым пространственным разрешением на основе импульсных источников
|e автореферат диссертации на соискание ученой степени кандидата физико-математических наук
|e спец. 01.04.20
|f С. Г. Стучебров
|g Национальный исследовательский Томский политехнический университет (ТПУ), Физико-технический институт (ФТИ), Кафедра прикладной физики (№ 12) (ПФ) ; науч. рук. А. П. Потылицын
|
| 203 |
|
|
|a Текст
|c электронный
|
| 210 |
|
|
|a Томск
|d 2014
|
| 215 |
|
|
|a 1 файл (657 Kb)
|
| 300 |
|
|
|a Заглавие с титульного экрана
|
| 300 |
|
|
|a Электронная версия печатной публикации
|
| 337 |
|
|
|a Adobe Reader
|
| 452 |
|
1 |
|0 (RuTPU)RU\TPU\book\305974
|t Томографическая визуализация рентгеновских изображений с субмиллиметровым пространственным разрешением на основе импульсных источников
|o автореферат диссертации на соискание ученой степени кандидата физико-математических наук
|o спец. 01.04.20
|f С. Г. Стучебров
|g Национальный исследовательский Томский политехнический университет (ТПУ) ; науч. рук. А. П. Потылицын
|c Томск
|d 2014
|p 20 с.
|a Стучебров, Сергей Геннадьевич
|
| 606 |
1 |
|
|a Рентгенография имульсная
|2 stltpush
|3 (RuTPU)RU\TPU\subj\25093
|9 49325
|
| 610 |
1 |
|
|a авторефераты диссертаций
|
| 610 |
1 |
|
|a электронный ресурс
|
| 610 |
1 |
|
|a труды учёных ТПУ
|
| 610 |
1 |
|
|a цифровые рентгеновские изображения
|
| 610 |
1 |
|
|a получение
|
| 610 |
1 |
|
|a линейные полупроводниковые детекторы
|
| 610 |
1 |
|
|a сканирующие детекторы
|
| 610 |
1 |
|
|a томографическая визуализация
|
| 610 |
1 |
|
|a объекты
|
| 610 |
1 |
|
|a дозовые нагрузки
|
| 610 |
1 |
|
|a рентгеновские трубки
|
| 610 |
1 |
|
|a бетатроны
|
| 675 |
|
|
|a 621.386.8(04)
|v 3
|
| 686 |
|
|
|a 01.04.20
|2 oksvnk
|
| 700 |
|
1 |
|a Стучебров
|b С. Г.
|c физик
|c доцент Томского политехнического университета, кандидат физико-математических наук
|f 1981-
|g Сергей Геннадьевич
|3 (RuTPU)RU\TPU\pers\31441
|9 15603
|
| 702 |
|
1 |
|a Потылицын
|b А. П.
|c российский физик
|c профессор Томского политехнического университета
|f 1945-
|g Александр Петрович
|3 (RuTPU)RU\TPU\pers\15853
|4 727
|9 5531
|
| 712 |
0 |
2 |
|a Национальный исследовательский Томский политехнический университет (ТПУ)
|b Физико-технический институт (ФТИ)
|b Кафедра прикладной физики (№ 12) (ПФ)
|3 (RuTPU)RU\TPU\col\18729
|
| 801 |
|
2 |
|a RU
|b 63413507
|c 20150610
|g RCR
|
| 856 |
4 |
|
|u http://www.lib.tpu.ru/fulltext/a/2014/53.pdf
|
| 942 |
|
|
|c CF
|